000
00245nam a2200097Ia 4500
001
1075989
005
20250827002248.0
008
250824s9999 xx 000 0 und d
245
0
_a
ŞARK KÖŞESİ
_c
ÖMER FATİH ANDI
260
_b
KETEBE YAYINLARI
999
_c
1075989
_d
1075989